| 000 | 01404nam a22002057a 4500 | ||
|---|---|---|---|
| 005 | 20260508104441.0 | ||
| 010 | _aB-778459-482 BACHN26 | ||
| 020 |
_a8179309169 _c655.00 |
||
| 035 | _aB-778459-482 | ||
| 037 | _bस्पेक्ट्रम बुक्स | ||
| 082 |
_a600 _228 |
||
| 245 |
_aविज्ञान एवं प्रोधोगिकी/ _bराजेंद्र प्रसाद शर्मा द्वारा अनुवादित ; कल्पना राजाराम, आर.के.सूरी [एवं] राजेंद्र प्रसाद शर्मा द्वारा सम्पादित |
||
| 250 | _a28 | ||
| 260 |
_aनई दिल्ली _bस्पेक्ट्रम बुक्स _c2024 |
||
| 270 |
_aए-291, प्रथम तल, जनक पूरी _bनई दिल्ली _e110054 _k9958327924 |
||
| 300 |
_a664 पृ. _c23सेमी (अजिल्द) |
||
| 700 |
_aराजाराम, कल्पना _988122 |
||
| 942 |
_2ddc _cHN _h600 _mविज्ञान |
||
| 999 |
_c215389 _d215389 |
||